000 00323nam a2200133Ia 4500
005 20251222155115.0
008 251222s9999||||xx |||||||||||||| ||spa||
082 _aPED. 24
100 _aANALES Nestlé.
245 0 _aExtractos del XIX Congreso Internacinal Ped.
250 _a1ra. ed.
264 _bNestle
942 _cLIB
999 _c38217
_d38217